Svodnyj katalog serial'nych izdanij Rossii (1801-1825) s rospis'ju soderžanija Tom 4 Žurnaly (N - P)

Bibliographic Details
Other Authors: Rumjancev, A. R. (Compiler), Jelisejkina, N. I. (Compiler), Katuškina, V. V. (Compiler), Legosteva, N. S. (Compiler), Sokolinskij, Je. K. (Compiler), Novikova, O. L. (Compiler), Fomenko, I. Ju (Compiler), Sanakojeva, Je. A. (Compiler), Ludilova, Je. V. (Compiler), Filippova, T. F. (Compiler), Dolgich, Ju. A. (Compiler), Volkov, A. V. (Compiler), Šickova, L. B. (Compiler), Vorob'jeva, Je. V. (Compiler), Savel'jev, A. A. (Compiler), Velikodnaja, I. L. (Compiler)
Format: Book
Language:Russian
PhysicalDescription:vi, 743 strán 26 cm
Published: Sankt-Peterburg Rossijskaja nacional'naja biblioteka 2015
ISBN:9785819204986
Subjects:

MARC

LEADER 00000nam a2200000 4500
001 vtls011876146
003 SK-MaSNL
005 20260301225135.0
008 190710s2015 ru g bi 001 0 rus
020 |a 9785819204986  |q (brožované) 
040 |a SNK  |b slo  |c SNK  |e rda 
041 0 |a rus 
044 |a ru  |c RU 
072 7 |a 070  |x Noviny. Tlač  |2 konspekt 
080 |a 070.432  |2 2001 
080 |a 070.48  |2 2001 
080 |a 016  |2 2001 
080 |a 015  |2 2001 
080 |a 050  |2 2001 
080 |a (470+571)  |2 2001 
080 |a (01)  |2 2001 
080 |a (083.81)  |2 2001 
245 0 0 |a Svodnyj katalog serial'nych izdanij Rossii (1801-1825)  |b s rospis'ju soderžanija  |n Tom 4 Žurnaly (N - P)  |c sostaviteli: A. R. Rumjancev, N. I. Jelisejkina, V. V. Katuškina, N. S. Legosteva,, Je. K. Sokolinskij, O. L. Novikova, I. Ju. Fomenko, Je. A. Sanakojeva, Je. V. Ludilova, T. F. Filippova, Ju. A. Dolgich, A. V. Volkov, L. B. Šickova, Je. V. Vorob'jeva, A. A. Savel'jev, I. L. Velikodnaja 
264 1 |a Sankt-Peterburg  |b Rossijskaja nacional'naja biblioteka  |c 2015 
300 |a vi, 743 strán  |c 26 cm 
336 |a text  |b txt  |2 rdacontent 
337 |a bez média  |b n  |2 rdamedia 
338 |a zväzok  |b nc  |2 rdacarrier 
500 |a Obsahuje zoznam skratiek 
504 |a Bibliografia na strane [742]-743 ; menný register, register záhlaví, register periodických vydaní v ruskom jazyku, register periodických vydaní v cudzích jazykoch, geografický register s registrom etnických názvov 
650 0 7 |a seriálové publikácie  |2 SNKPH  |9 64058 
650 0 7 |a časopisecké články  |2 SNKPH  |9 81519 
650 0 7 |a časopisy  |2 SNKPH  |9 1421 
650 0 7 |a Serial publications  |2 SNKPHeng  |9 618303 
650 0 7 |a Journal articles  |2 SNKPHeng  |9 331136 
650 0 7 |a Periodicals  |2 SNKPHeng  |9 266696 
651 7 |a Rusko  |2 SNKPHgeo  |9 17250 
651 7 |a Russia  |2 SNKPHeng  |9 278886 
655 7 |a odborné bibliografie  |2 SNKPH  |9 70558 
655 7 |a regionálne bibliografie  |2 SNKPH  |9 70484 
655 7 |a katalógy  |2 SNKPH  |9 60821 
655 7 |a Professional bibliography  |2 SNKPHeng  |9 267157 
655 7 |a Regional bibliographies  |2 SNKPHeng  |9 265209 
655 7 |a Catalogues  |2 SNKPHeng  |9 359983 
700 1 |a Rumjancev, A. R.  |4 com  |9 560673 
700 1 |a Jelisejkina, N. I.  |4 com  |9 560668 
700 1 |a Katuškina, V. V.  |4 com  |9 560669 
700 1 |a Legosteva, N. S.  |4 com  |9 560670 
700 1 |a Sokolinskij, Je. K.  |4 com  |9 353558 
700 1 |a Novikova, O. L.  |4 com  |9 560671 
700 1 |a Fomenko, I. Ju.  |4 com  |9 618304 
700 1 |a Sanakojeva, Je. A.  |4 com  |9 618305 
700 1 |a Ludilova, Je. V.  |4 com  |9 618306 
700 1 |a Filippova, T. F.  |4 com  |9 618307 
700 1 |a Dolgich, Ju. A.  |4 com  |9 618308 
700 1 |a Volkov, A. V.  |4 com  |9 618309 
700 1 |a Šickova, L. B.  |4 com  |9 618310 
700 1 |a Vorob'jeva, Je. V.  |4 com  |9 618311 
700 1 |a Savel'jev, A. A.  |4 com  |9 618312 
700 1 |a Velikodnaja, I. L.  |4 com  |9 618313 
919 |a 978-5-8192-0498-6 
999 |c 949843  |d 951773 
952 |a SNK  |b SNK  |y VYP  |7 0  |p 17A1392670  |o snkIB 69730/4  |i snk2019/30856  |8 2  |g 16.52  |0 0  |1 0  |4 0  |d 2019-07-10  |l 0  |r 2026-02-24 09:45:21  |w 2026-02-24